| 000 | 00435cam a2200169ua 4500 | ||
|---|---|---|---|
| 041 |
_aeng _h |
||
| 082 |
_a658.4034 _bECK/IN |
||
| 100 | _aEcker, Joseph.G . | ||
| 245 |
_aIntroduction to Operations Research / _cG.Ecker Joseph. _hTextual Documents |
||
| 250 |
_a1 / _b. |
||
| 260 |
_a : _bJohn wiley & sons , _c1988. |
||
| 300 | _a509 ; . | ||
| 504 | _a | ||
| 700 | 1 | _aKupferschmid, Michael . | |
| 942 | _cBK | ||
| 999 |
_c1313 _d1313 |
||